[Event "Mecklenburg VP Landesliga West 1920"]
[Site "Mecklenburg VP"]
[Date "2019.12.08"]
[Round "4.2"]
[White "Pross, Benjamin"]
[Black "Fleischer, Martin"]
[Result "1/2-1/2"]
[WhiteElo "1967"]
[BlackElo "1885"]
[PlyCount "77"]
[EventDate "2019.09.29"]
[EventType "team-tourn"]
[EventRounds "9"]
[EventCountry "GER"]
[SourceTitle "EXT 2023"]
[Source "ChessBase"]
[SourceDate "2022.10.05"]
[SourceVersion "1"]
[SourceVersionDate "2022.10.05"]
[SourceQuality "1"]
[WhiteTeam "Kuehlungsborn SV Empor"]
[BlackTeam "Schwerin SV Einheit"]
[WhiteTeamCountry "GER"]
[BlackTeamCountry "GER"]

1. e4 e6 2. d4 d5 3. exd5 exd5 4. Nf3 Nf6 5. Bd3 Bg4 6. 0-0 Be7 7. Bg5 Nbd7 8. Nbd2 0-0 9. c3 c6 10. Qc2 Bh5 11. Rfe1 Re8 12. h3 Bxf3 13. Nxf3 h6 14. Bf4 Nf8 15. Be5 Bd6 16. Re3 Bxe5 17. Nxe5 Re7 18. Rae1 Qc7 19. g3 Rae8 20. Qd2 N8d7 21. Nxd7 Qxd7 22. Rxe7 Rxe7 23. Rxe7 Qxe7 24. Qe2 Kf8 25. Qxe7+ Kxe7 26. f3 a5 27. Kf2 Kd6 28. Ke3 c5 29. Bb5 cxd4+ 30. cxd4 Ng8 31. h4 Ne7 32. g4 Ng6 33. h5 Ne7 34. Be8 f6 35. Kd3 f5 36. Bf7 fxg4 37. fxg4 Nc6 38. a3 Nd8 39. Bg6 1/2-1/2

[Event "Mecklenburg VP-ch op"]
[Site "Neubrandenburg"]
[Date "2018.04.28"]
[Round "1.2"]
[White "Pross, Benjamin"]
[Black "Morosova, Svetlana"]
[Result "1-0"]
[WhiteElo "1973"]
[BlackElo "1668"]
[PlyCount "125"]
[EventDate "2018.04.28"]
[EventType "swiss"]
[EventRounds "7"]
[EventCountry "GER"]
[SourceTitle "EXT 2023"]
[Source "ChessBase"]
[SourceDate "2022.10.05"]
[SourceVersion "1"]
[SourceVersionDate "2022.10.05"]
[SourceQuality "1"]

1. d4 Nf6 2. Nf3 g6 3. Bg5 Bg7 4. Qc1 h6 5. Bf4 d6 6. e3 Nbd7 7. Bd3 c6 8. c3 Nh5 9. Bg3 Nxg3 10. hxg3 e6 11. Qc2 Nf8 12. Nbd2 Bd7 13. Ne4 Qe7 14. Qb3 Bc8 15. Be2 f5 16. Ned2 g5 17. 0-0-0 d5 18. Ne1 Nd7 19. Bh5+ Kd8 20. Be2 Qd6 21. c4 a5 22. c5 Qc7 23. f4 g4 24. a3 a4 25. Qc2 b5 26. Nd3 Ke7 27. Nb4 Bb7 28. Nb1 Nf6 29. Bd3 Ne4 30. Bxe4 fxe4 31. Rh4 Bf6 32. Rxg4 Rag8 33. Rxg8 Rxg8 34. Qf2 Qd7 35. Rh1 Rg6 36. Nc3 Kd8 37. Ne2 Kc7 38. Rh5 Bc8 39. Qg1 Qf7 40. Qh2 Bg7 41. Qh3 Bf8 42. Kd2 Qg7 43. Kc2 Kb7 44. Na2 Bd7 45. Nac3 Be7 46. Qh1 Be8 47. Rh2 Bf7 48. Qb1 Rg4 49. b3 axb3+ 50. Qxb3 Kc8 51. a4 bxa4 52. Qxa4 Be8 53. Qa8+ Kd7 54. Qb7+ Kd8 55. Qb8+ Kd7 56. Na4 Bf8 57. Nb6+ Ke7 58. Qc7+ Kf6 59. Qe5+ Kf7 60. Nc8 Qxe5 61. fxe5 Kg7 62. Rh1 Bd7 63. Nd6 1-0

[Event "Mecklenburg VP LL2 West 1718"]
[Site "Mecklenburg VP"]
[Date "2017.12.10"]
[Round "4.5"]
[White "Segebarth, Bernd"]
[Black "Pross, Benjamin"]
[Result "1/2-1/2"]
[WhiteElo "1918"]
[BlackElo "1971"]
[PlyCount "35"]
[EventDate "2017.10.08"]
[EventType "team-tourn"]
[EventRounds "9"]
[EventCountry "GER"]
[SourceTitle "EXT 2022"]
[Source "ChessBase"]
[SourceDate "2021.10.06"]
[SourceVersion "1"]
[SourceVersionDate "2021.10.06"]
[SourceQuality "1"]
[WhiteTeam "Schwerin SF IV"]
[BlackTeam "Kuehlungsborn SV Empor"]
[WhiteTeamCountry "GER"]
[BlackTeamCountry "GER"]

1. e4 e6 2. d4 d5 3. Nd2 Nf6 4. e5 Nfd7 5. Bd3 c5 6. c3 Nc6 7. Ne2 Qb6 8. Nf3 cxd4 9. cxd4 Bb4+ 10. Kf1 Qd8 11. g3 Nb6 12. Kg2 Bd7 13. Bg5 Be7 14. Bxe7 Qxe7 15. Rc1 Rc8 16. b3 a6 17. Qd2 g6 18. Qh6 1/2-1/2

[Event "Mecklenburg VP LL2 West 1718"]
[Site "Mecklenburg VP"]
[Date "2017.11.26"]
[Round "3.5"]
[White "Pross, Benjamin"]
[Black "Post, Ingo"]
[Result "1-0"]
[WhiteElo "1971"]
[BlackElo "1779"]
[PlyCount "55"]
[EventDate "2017.10.08"]
[EventType "team-tourn"]
[EventRounds "9"]
[EventCountry "GER"]
[SourceTitle "EXT 2022"]
[Source "ChessBase"]
[SourceDate "2021.10.06"]
[SourceVersion "1"]
[SourceVersionDate "2021.10.06"]
[SourceQuality "1"]
[WhiteTeam "Kuehlungsborn SV Empor"]
[BlackTeam "Neukloster VfL Blau Weiss"]
[WhiteTeamCountry "GER"]
[BlackTeamCountry "GER"]

1. e4 g6 2. Nc3 Bg7 3. g3 d6 4. Bg2 Nf6 5. Nge2 0-0 6. 0-0 e5 7. d3 Bg4 8. h3 Bxe2 9. Qxe2 Nc6 10. Be3 Ne7 11. Qd2 c6 12. Bh6 Kh8 13. Bxg7+ Kxg7 14. Kh2 Nh5 15. Rae1 Kh8 16. Ne2 Ng7 17. f4 f6 18. Rf2 Ng8 19. Ref1 Qe7 20. c3 Nh5 21. Qe3 exf4 22. Nxf4 Nxf4 23. Qxf4 f5 24. exf5 Rxf5 25. Qd4+ Re5 26. Rf7 Qe6 27. Rxb7 Nf6 28. Bxc6 1-0

[Event "Mecklenburg VP LL2 West 1617"]
[Site "Mecklenburg VP"]
[Date "2017.03.19"]
[Round "7.6"]
[White "Hopp, Peter"]
[Black "Pross, Benjamin"]
[Result "1/2-1/2"]
[WhiteElo "1813"]
[BlackElo "1971"]
[PlyCount "59"]
[EventDate "2016.10.16"]
[EventType "team-tourn"]
[EventRounds "9"]
[EventCountry "GER"]
[SourceTitle "EXT 2022"]
[Source "ChessBase"]
[SourceDate "2021.10.06"]
[SourceVersion "1"]
[SourceVersionDate "2021.10.06"]
[SourceQuality "1"]
[WhiteTeam "Mecklenburger Springer SC"]
[BlackTeam "Kuehlungsborn SV Empor"]
[WhiteTeamCountry "GER"]
[BlackTeamCountry "GER"]

1. e4 e6 2. d4 d5 3. exd5 exd5 4. Bd3 Nf6 5. Ne2 Bg4 6. Bf4 Bd6 7. Bxd6 Qxd6 8. c3 0-0 9. 0-0 Bh5 10. f3 Bg6 11. Bxg6 hxg6 12. Re1 Nbd7 13. Nd2 c6 14. Nf1 Rfe8 15. Qd2 Re7 16. Neg3 Rae8 17. Rxe7 Rxe7 18. Re1 Rxe1 19. Qxe1 Qf4 20. Qe3 Qd6 21. Qd2 b5 22. Ne3 Nb6 23. Ne2 Kf8 24. h3 Qc7 25. b3 Qd6 26. Qb2 a5 27. Nc1 Qf4 28. Qf2 Nbd7 29. Nd3 Qd6 30. Qd2 1/2-1/2

[Event "Mecklenburg VP LL2 West 1617"]
[Site "Mecklenburg VP"]
[Date "2016.11.06"]
[Round "2.6"]
[White "Pross, Benjamin"]
[Black "Fitz, Baldur"]
[Result "1/2-1/2"]
[WhiteElo "1818"]
[BlackElo "1484"]
[PlyCount "76"]
[EventDate "2016.10.16"]
[EventType "team-tourn"]
[EventRounds "9"]
[EventCountry "GER"]
[SourceTitle "EXT 2022"]
[Source "ChessBase"]
[SourceDate "2021.10.06"]
[SourceVersion "1"]
[SourceVersionDate "2021.10.06"]
[SourceQuality "1"]
[WhiteTeam "Kuehlungsborn SV Empor"]
[BlackTeam "Ludwigslust VT 2000 II"]
[WhiteTeamCountry "GER"]
[BlackTeamCountry "GER"]

1. Nf3 d5 2. d4 Nc6 3. Bf4 Nf6 4. e3 Bf5 5. c3 e6 6. Bb5 Bd6 7. Qa4 Bxf4 8. Bxc6+ bxc6 9. Qxc6+ Ke7 10. exf4 Qd6 11. Ne5 a5 12. Na3 Ra6 13. Qb5 Rb6 14. Qxa5 Rhb8 15. b4 Ra6 16. Qc5 Qxc5 17. dxc5 Nd7 18. Nb1 Nxe5 19. fxe5 Bxb1 20. Rxb1 Rxa2 21. 0-0 Rba8 22. f4 Rc2 23. Rbc1 Raa2 24. Rxc2 Rxc2 25. Rf3 c6 26. h3 f6 27. Re3 f5 28. Kf1 h6 29. h4 Kf7 30. g3 g6 31. Ke1 h5 32. Kd1 Rg2 33. Kc1 Ke7 34. Rd3 Re2 35. c4 Re4 36. cxd5 exd5 37. Rb3 Ke6 38. Kb2 d4 1/2-1/2

[Event "Mecklenburg VP LL2 West 1617"]
[Site "Mecklenburg VP"]
[Date "2016.10.16"]
[Round "1.6"]
[White "Pross, Benjamin"]
[Black "Schmidtke, Wilfried"]
[Result "1/2-1/2"]
[WhiteElo "1818"]
[BlackElo "1618"]
[PlyCount "70"]
[EventDate "2016.10.16"]
[EventType "team-tourn"]
[EventRounds "9"]
[EventCountry "GER"]
[SourceTitle "EXT 2022"]
[Source "ChessBase"]
[SourceDate "2021.10.06"]
[SourceVersion "1"]
[SourceVersionDate "2021.10.06"]
[SourceQuality "1"]
[WhiteTeam "Kuehlungsborn SV Empor"]
[BlackTeam "Wismar ASV Gruen-Weiss II"]
[WhiteTeamCountry "GER"]
[BlackTeamCountry "GER"]

1. c4 Nf6 2. Nc3 e6 3. d4 Bb4 4. a3 Bxc3+ 5. bxc3 0-0 6. Nf3 d6 7. Bg5 h6 8. Bh4 Nbd7 9. e3 c5 10. Bd3 e5 11. Be2 g5 12. Bg3 Ne4 13. Qc2 Nxg3 14. hxg3 Qf6 15. d5 Kg7 16. Nd2 Nb6 17. g4 Qg6 18. Bd3 f5 19. gxf5 Bxf5 20. e4 Bg4 21. f3 Bd7 22. a4 a5 23. Qb3 Ra6 24. g4 Qf7 25. Ke2 Bc8 26. Rh2 Qf4 27. Rg2 Nd7 28. Qd1 Nf6 29. Qg1 Rb6 30. Rb1 Rxb1 31. Bxb1 Nd7 32. Qe3 Qxe3+ 33. Kxe3 Nb6 34. Bc2 Bd7 35. Rg1 Bxa4 1/2-1/2

[Event "Mecklenburg VP LL2 West 1415"]
[Site "Mecklenburg VP"]
[Date "2015.03.15"]
[Round "7.5"]
[White "Pross, Benjamin"]
[Black "Hilpert, Andreas"]
[Result "0-1"]
[WhiteElo "1800"]
[BlackElo "1835"]
[PlyCount "106"]
[EventDate "2014.09.21"]
[EventType "team-tourn"]
[EventRounds "9"]
[EventCountry "GER"]
[SourceTitle "EXT 2022"]
[Source "ChessBase"]
[SourceDate "2021.10.06"]
[SourceVersion "1"]
[SourceVersionDate "2021.10.06"]
[SourceQuality "1"]
[WhiteTeam "Kuehlungsborn SV Empor"]
[BlackTeam "Ludwigslust VT 2000"]
[WhiteTeamCountry "GER"]
[BlackTeamCountry "GER"]

1. e4 e5 2. Bc4 Nc6 3. Nf3 Be7 4. 0-0 d6 5. h3 g5 6. c3 h5 7. Kh2 g4 8. Ng1 Nf6 9. d3 Na5 10. Bb3 Nxb3 11. axb3 Be6 12. c4 Qd7 13. h4 c6 14. g3 d5 15. exd5 cxd5 16. Nc3 d4 17. Na4 Qc7 18. Bg5 Ng8 19. Bxe7 Nxe7 20. b4 b6 21. Ne2 Ng6 22. Qd2 Rd8 23. b5 Qe7 24. Qg5 Qxg5 25. hxg5 h4 26. Kg1 e4 27. c5 exd3 28. Nf4 Nxf4 29. gxf4 Bd5 30. cxb6 axb6 31. Nxb6 Bf3 32. Nc4 0-0 33. b6 Rb8 34. Rfd1 Bxd1 35. Rxd1 Rfc8 36. b3 Re8 37. Rxd3 Re4 38. f5 Rf4 39. f6 Ra8 40. b7 Rb8 41. Nd6 Kh7 42. b4 Kg6 43. Ra3 d3 44. Rxd3 Rxb4 45. Rc3 R4xb7 46. Nxb7 Rxb7 47. Rc5 Rb8 48. Kg2 Rh8 49. Ra5 Rh5 50. f4 Rh8 51. Ra7 h3+ 52. Kg3 h2 53. Kxg4 Rh4+ 0-1

[Event "Mecklenburg VP LL2 West 1213"]
[Site "Mecklenburg VP"]
[Date "2013.04.28"]
[Round "9.3"]
[White "Pross, Benjamin"]
[Black "Wiemer, Juergen"]
[Result "1-0"]
[WhiteElo "1716"]
[BlackElo "1918"]
[PlyCount "80"]
[EventDate "2012.10.14"]
[EventType "team-tourn"]
[EventRounds "9"]
[EventCountry "GER"]
[SourceTitle "EXT 2022"]
[Source "ChessBase"]
[SourceDate "2021.10.06"]
[SourceVersion "1"]
[SourceVersionDate "2021.10.06"]
[SourceQuality "1"]
[WhiteTeam "Kuehlungsborn SV Empor"]
[BlackTeam "Ludwigslust Post SV"]
[WhiteTeamCountry "GER"]
[BlackTeamCountry "GER"]

1. e4 e5 2. Nf3 Nc6 3. Bc4 d6 4. 0-0 Bg4 5. d3 Nd4 6. Nbd2 Qf6 7. c3 Nxf3+ 8. Nxf3 c6 9. h3 Be6 10. Bxe6 Qxe6 11. Ng5 Qd7 12. f4 f6 13. Nf3 0-0-0 14. Be3 b6 15. a4 exf4 16. Bxf4 g5 17. Be3 Bg7 18. Nd4 Ne7 19. c4 c5 20. Nf5 Nc6 21. Bd2 Rhe8 22. a5 Kb7 23. Qa4 Ra8 24. Bc3 Bh8 25. Rf2 bxa5 26. Bxa5 a6 27. Bc3 Re6 28. Ne3 Ne5 29. Qb3+ Ka7 30. Bxe5 dxe5 31. Nd5 Qb7 32. Qa3 Qc6 33. Qa5 Rb8 34. Nc7 Qb6 35. Nxe6 Qxe6 36. Qc7+ Rb7 37. Qxc5+ Qb6 38. Qa3 Rd7 39. b4 Bg7 40. b5 Qd6 1-0

[Event "Mecklenburg VP LL2 West 1213"]
[Site "Mecklenburg VP"]
[Date "2012.10.14"]
[Round "1.4"]
[White "Pross, Benjamin"]
[Black "Moritz, Hartmut"]
[Result "1-0"]
[WhiteElo "1716"]
[BlackElo "1807"]
[PlyCount "91"]
[EventDate "2012.10.14"]
[EventType "team-tourn"]
[EventRounds "9"]
[EventCountry "GER"]
[SourceTitle "EXT 2022"]
[Source "ChessBase"]
[SourceDate "2021.10.06"]
[SourceVersion "1"]
[SourceVersionDate "2021.10.06"]
[SourceQuality "1"]
[WhiteTeam "Kuehlungsborn SV Empor"]
[BlackTeam "Rostock SSC 07 III"]
[WhiteTeamCountry "GER"]
[BlackTeamCountry "GER"]

1. d4 Nf6 2. Nf3 d5 3. Bf4 e6 4. e3 Bd6 5. Bg3 Bxg3 6. hxg3 Nbd7 7. Bd3 Qe7 8. c3 e5 9. dxe5 Nxe5 10. Nxe5 Qxe5 11. Nd2 Bg4 12. Qc2 0-0-0 13. Nf3 Bxf3 14. gxf3 d4 15. cxd4 Rxd4 16. 0-0 Rd6 17. Rac1 c6 18. Rfd1 Nd5 19. Be4 Rhd8 20. Bxd5 Rxd5 21. Rxd5 Qxd5 22. Kg2 Qxa2 23. Qxh7 Qxb2 24. Qf5+ Kb8 25. Qf4+ Ka8 26. Qc7 Qf6 27. Rd1 Rb8 28. Rd7 g5 29. Rxf7 Qd8 30. Qe5 Qd5 31. Qe7 g4 32. e4 gxf3+ 33. Rxf3 Qd8 34. Qxd8 Rxd8 35. e5 Kb8 36. Re3 Kc7 37. f4 Rf8 38. Kf3 b5 39. Ke4 a5 40. e6 Kd6 41. f5 a4 42. Rd3+ Ke7 43. Ke5 Re8 44. f6+ Kf8 45. f7 Ra8 46. Kf6 1-0

[Event "Mecklenburg VP LL2 West 1112"]
[Site "Mecklenburg VP"]
[Date "2012.04.15"]
[Round "9.4"]
[White "Peschke, Wolfgang"]
[Black "Pross, Benjamin"]
[Result "0-1"]
[WhiteElo "1668"]
[BlackElo "1731"]
[PlyCount "74"]
[EventDate "2011.10.02"]
[EventType "team-tourn"]
[EventRounds "9"]
[EventCountry "GER"]
[SourceTitle "EXT 2022"]
[Source "ChessBase"]
[SourceDate "2021.10.06"]
[SourceVersion "1"]
[SourceVersionDate "2021.10.06"]
[SourceQuality "1"]
[WhiteTeam "Schwerin SF III"]
[BlackTeam "Kuehlungsborn SV Empor"]
[WhiteTeamCountry "GER"]
[BlackTeamCountry "GER"]

1. d4 e6 2. c4 Nf6 3. Nf3 d5 4. Bg5 c6 5. Bxf6 Qxf6 6. e3 Nd7 7. Bd3 Bb4+ 8. Nbd2 0-0 9. a3 Bxd2+ 10. Qxd2 dxc4 11. Bxc4 e5 12. dxe5 Nxe5 13. Nxe5 Qxe5 14. 0-0 Bf5 15. Rad1 h6 16. Rfe1 Qc7 17. e4 Bg6 18. b4 Rfd8 19. Qe3 Rxd1 20. Rxd1 Rd8 21. Rxd8+ Qxd8 22. h3 b6 23. f4 Qd1+ 24. Kh2 Qc2 25. Qd3 Bxe4 26. Qxc2 Bxc2 27. Kg3 Kf8 28. Kf3 Ke7 29. Ke3 Bf5 30. g4 Be6 31. Bd3 f6 32. Be4 Kd6 33. Kd3 Bd5 34. Bxd5 Kxd5 35. Kc3 Ke4 36. f5 Kf3 37. Kd4 Kg3 0-1

[Event "Mecklenburg VP LL2 West 1112"]
[Site "Mecklenburg VP"]
[Date "2012.02.26"]
[Round "7.4"]
[White "Tuchtenhagen, Harald"]
[Black "Pross, Benjamin"]
[Result "1/2-1/2"]
[WhiteElo "1889"]
[BlackElo "1731"]
[PlyCount "32"]
[EventDate "2011.10.02"]
[EventType "team-tourn"]
[EventRounds "9"]
[EventCountry "GER"]
[SourceTitle "EXT 2022"]
[Source "ChessBase"]
[SourceDate "2021.10.06"]
[SourceVersion "1"]
[SourceVersionDate "2021.10.06"]
[SourceQuality "1"]
[WhiteTeam "Ludwigslust Post SV"]
[BlackTeam "Kuehlungsborn SV Empor"]
[WhiteTeamCountry "GER"]
[BlackTeamCountry "GER"]

1. e4 e6 2. d4 d5 3. exd5 exd5 4. Bd3 Bd6 5. Ne2 Nf6 6. 0-0 Bg4 7. h3 Bh5 8. Qe1 0-0 9. Nf4 Bg6 10. Nxg6 hxg6 11. Bg5 c6 12. Nd2 Qc7 13. Bxf6 gxf6 14. Nf3 Nd7 15. Qd2 Bf4 16. Qd1 Kg7 1/2-1/2

[Event "Mecklenburg VP LL2 West 1112"]
[Site "Mecklenburg VP"]
[Date "2011.12.11"]
[Round "4.3"]
[White "Luther, Alexander"]
[Black "Pross, Benjamin"]
[Result "1-0"]
[WhiteElo "1889"]
[BlackElo "1731"]
[PlyCount "81"]
[EventDate "2011.10.02"]
[EventType "team-tourn"]
[EventRounds "9"]
[EventCountry "GER"]
[SourceTitle "EXT 2022"]
[Source "ChessBase"]
[SourceDate "2021.10.06"]
[SourceVersion "1"]
[SourceVersionDate "2021.10.06"]
[SourceQuality "1"]
[WhiteTeam "Guestrow/Teterow"]
[BlackTeam "Kuehlungsborn SV Empor"]
[WhiteTeamCountry "GER"]
[BlackTeamCountry "GER"]

1. e4 e6 2. d4 d5 3. Nd2 Nf6 4. e5 Nfd7 5. Bd3 c5 6. c3 Nc6 7. Ne2 Qb6 8. Nf3 cxd4 9. cxd4 Bb4+ 10. Bd2 Bxd2+ 11. Qxd2 Qb4 12. a3 Qxd2+ 13. Nxd2 Nb6 14. Rc1 Bd7 15. 0-0 0-0 16. Nb3 Na4 17. Rc2 a6 18. Rfc1 Rfc8 19. h3 Nd8 20. Nc5 Nxc5 21. Rxc5 Rxc5 22. Rxc5 Rc8 23. Rxc8 Bxc8 24. f4 Nc6 25. Kf2 Na5 26. Ke3 Bd7 27. Nc3 g6 28. g4 Bc6 29. h4 Nc4+ 30. Bxc4 dxc4 31. d5 exd5 32. Kd4 h6 33. Nxd5 Kf8 34. Kxc4 Bd7 35. Ne3 h5 36. gxh5 gxh5 37. Kc5 Ke7 38. f5 Bc6 39. Nd5+ Bxd5 40. Kxd5 Kd7 41. e6+ 1-0

[Event "Mecklenburg VP-ch"]
[Site "Nakenstorf"]
[Date "2010.04.02"]
[Round "3.14"]
[White "Pross, Benjamin"]
[Black "Schreiber, Thomas"]
[Result "0-1"]
[WhiteElo "1765"]
[BlackElo "1921"]
[PlyCount "165"]
[EventDate "2010.04.01"]
[EventType "swiss"]
[EventRounds "9"]
[EventCountry "GER"]
[SourceTitle "EXT 2022"]
[Source "ChessBase"]
[SourceDate "2021.10.06"]
[SourceVersion "1"]
[SourceVersionDate "2021.10.06"]
[SourceQuality "1"]

1. d4 Nf6 2. c4 e6 3. Nc3 Bb4 4. Qc2 c5 5. dxc5 Bxc5 6. Nf3 Qb6 7. e3 Qc7 8. Bd3 a6 9. a3 Be7 10. b3 Nc6 11. Bb2 d6 12. h3 b6 13. Ne4 Nxe4 14. Bxe4 f5 15. Bd3 0-0 16. g4 Ne5 17. Nxe5 dxe5 18. 0-0-0 e4 19. Be2 Bb7 20. Rhg1 f4 21. g5 f3 22. Bf1 Rfd8 23. Rg4 Rxd1+ 24. Kxd1 Rd8+ 25. Kc1 Qd6 26. c5 bxc5 27. Bc4 Bd5 28. h4 Bf8 29. h5 Qh2 30. Kb1 Qxh5 31. Rxe4 Bxe4 32. Qxe4 Re8 33. Bxa6 Qxg5 34. Qxf3 Qf5+ 35. Qxf5 exf5 36. Bb7 Bd6 37. a4 Re7 38. Bd5+ Kf8 39. Bc3 Bb8 40. Kc2 Ke8 41. Kd3 Ba7 42. Bc6+ Kd8 43. Kc4 Kc7 44. Kb5 h5 45. a5 g5 46. a6 g4 47. Ba5+ Kb8 48. Bd8 Re6 49. Bg5 Kc7 50. Bf4+ Kc8 51. Bg3 Rh6 52. Bf4 Re6 53. Bg3 Rh6 54. Bf4 Rh7 55. Bd5 h4 56. Be6+ Kd8 57. Bxf5 Rg7 58. Be5 g3 59. fxg3 hxg3 60. Be4 g2 61. Bh2 g1Q 62. Bxg1 Rxg1 63. Bd5 Kc7 64. e4 Kd6 65. Bb7 Rg3 66. Kc4 Rg4 67. b4 cxb4 68. Kxb4 Rg5 69. Kc4 Rc5+ 70. Kd3 Ke5 71. Bd5 Ra5 72. Bb7 Ra4 73. Kc3 Bd4+ 74. Kb3 Ra1 75. Kc4 Rc1+ 76. Kb5 Kd6 77. Kb4 Bc5+ 78. Kb3 Bb6 79. Kb2 Rc5 80. Kb3 Ke5 81. Kb4 Kd4 82. Bd5 Rc8 83. Kb5 0-1

[Event "Mecklenburg VP LL2 West 0910"]
[Site "Mecklenburg VP"]
[Date "2010.03.21"]
[Round "8.4"]
[White "Pross, Benjamin"]
[Black "Wiemer, Juergen"]
[Result "0-1"]
[WhiteElo "1722"]
[BlackElo "1952"]
[PlyCount "83"]
[EventDate "2009.10.18"]
[EventType "team-tourn"]
[EventRounds "9"]
[EventCountry "GER"]
[SourceTitle "EXT 2016"]
[Source "ChessBase"]
[SourceDate "2015.10.08"]
[SourceVersion "1"]
[SourceVersionDate "2015.10.08"]
[SourceQuality "1"]
[WhiteTeam "Kuehlungsborn SV Empor"]
[BlackTeam "Neukloster III"]
[WhiteTeamCountry "GER"]
[BlackTeamCountry "GER"]

1. e4 e5 2. Nf3 Nc6 3. Bc4 Nf6 4. d3 Bc5 5. 0-0 d6 6. h3 h6 7. Nc3 a6 8. Qe2 0-0 9. Be3 b5 10. Bxc5 dxc5 11. Bd5 Nxd5 12. Nxd5 Nd4 13. Qd1 c6 14. Ne3 Qf6 15. Ng4 Bxg4 16. hxg4 Rfd8 17. Nxd4 Rxd4 18. Qe2 Rad8 19. Rfd1 Qd6 20. Rd2 c4 21. c3 Rxd3 22. Rxd3 cxd3 23. Qe3 c5 24. Rd1 c4 25. Rd2 b4 26. cxb4 Qxb4 27. Kh2 a5 28. f3 Kh7 29. g5 Rd6 30. f4 exf4 31. Qxf4 hxg5 32. Qf5+ Rg6 33. Kg3 Qd6+ 34. e5 Qe6 35. Kg4 Qxf5+ 36. Kxf5 a4 37. Ke4 Rc6 38. a3 g4 39. Kd5 c3 40. bxc3 Rxc3 41. Kd4 Rxa3 42. Kc4 0-1

[Event "Mecklenburg VP LL2 West 0910"]
[Site "Mecklenburg VP"]
[Date "2009.12.13"]
[Round "4.4"]
[White "Kiecol, Rene"]
[Black "Pross, Benjamin"]
[Result "1/2-1/2"]
[WhiteElo "1598"]
[BlackElo "1722"]
[PlyCount "95"]
[EventDate "2009.10.18"]
[EventType "team-tourn"]
[EventRounds "9"]
[EventCountry "GER"]
[SourceTitle "EXT 2016"]
[Source "ChessBase"]
[SourceDate "2015.10.08"]
[SourceVersion "1"]
[SourceVersionDate "2015.10.08"]
[SourceQuality "1"]
[WhiteTeam "Schwerin SF III"]
[BlackTeam "Kuehlungsborn SV Empor"]
[WhiteTeamCountry "GER"]
[BlackTeamCountry "GER"]

1. e4 e6 2. Nf3 d5 3. exd5 exd5 4. d4 Nf6 5. Bg5 Bg4 6. h3 Bh5 7. Qe2+ Qe7 8. Bxf6 gxf6 9. Nbd2 Nd7 10. 0-0-0 Qxe2 11. Bxe2 0-0-0 12. Rhe1 Bd6 13. Nh4 Bg6 14. g3 Rde8 15. Bg4 Kd8 16. Nf5 Bxf5 17. Bxf5 h6 18. Nf3 Rxe1 19. Rxe1 Re8 20. Kd2 Rxe1 21. Nxe1 Nf8 22. Ng2 Ne6 23. Ke3 c6 24. c3 Ng7 25. Bd3 Ke7 26. Nh4 Ke8 27. Kf3 Bf8 28. Kg4 Kd8 29. a4 a6 30. b4 Kc7 31. Ng2 Bd6 32. Nf4 Kd8 33. b5 axb5 34. axb5 Ke7 35. c4 dxc4 36. Bxc4 Ne6 37. Nxe6 cxb5 38. Bxb5 Kxe6 39. Bc4+ Ke7 40. Kh5 Bb4 41. Kxh6 Be1 42. g4 Bxf2 43. d5 Bh4 44. Kg7 Bg5 45. d6+ Kxd6 46. Kxf7 Ke5 47. Kg6 Kf4 48. Bf1 1/2-1/2